LEADER 01185nam a2200265 4500 001 000000338929 003 CaOOAMICUS 005 20200131182233.0 008 200121s2019 it a 000 u ita r 020 $a978-88-328-6104-4 040 $aSeMil$bita 100 1 $aPessina, Maurizio .$0(OLS)http://semarc/name/78550 245 13$aLa teologia in preghiera :$bpreghiere sui diversi temi della fede cristiana /$cMaurizio Pessina. 264 1$aNovate Milanese :$bFabbrica dei segni,$cstampa 2019. 300 $a210 p. :$bill. ;$c21 cm 500 $aCon dedica autografa dell'A. a mons. Delpini sul v. del front. 541 0 $aFondo mons. Mario Delpini 650 4$aPreghiere - Testi.$0(OLS)http://semarc/subject/6541 850 $aSeMil 852 $aSeMil$W1$xVenegono$y1$m3F II 971$j218674$B230592$CSeMilBibl$Z2$F230592 $81 941 1 $a7 996 $6020$a978-88-328-6104-4$9(OLS)http://semarc/number/289659 996 $6245$aLa teologia in preghiera :$bpreghiere sui diversi temi della fede cristiana$9(OLS)http://semarc/title/427730 996 $6264$aNovate Milanese :$bFabbrica dei segni$9(OLS)http://semarc/publisher/58787 LEADER 01073nam a2200241 i 4500 001 000000056237 003 CaOOAMICUS 005 20100317000000.0 008 100317s1908 it u000 u ita u 013 $a27409 040 $aSeMil$bita 100 1 $aMurri, Romolo,$d<1870-1944>.$0(OLS)http://semarc/name/5450 245 13$aLa filosofia nuova :$be l'enciclica contro il modernismo /$cRomolo Murri. 260 $aRoma :$bSocietą nazionale di cultura,$c1908. 300 $a179 p. ;$c21 cm. 500 $aIn appendice: La filosofia del modernismo. 650 4$aModernismo.$0(OLS)http://semarc/subject/674 650 4$aPio X - Encicliche . Pascendi Dominici gregis.$0(OLS)http://semarc/subject/708 774 0 $tFilosofia del modernismo.$w()307474 850 $aSeMil 852 $aSeMil$W1$xVenegono$y1$m2X III 85$j22391$B22391$CSeMilBibl$Z2$F22393 $81 996 $6245$aLa filosofia nuova :$be l'enciclica contro il modernismo$9(OLS)http://semarc/title/87382 996 $6260$aRoma :$bSocietą nazionale di cultura$9(OLS)http://semarc/publisher/33929 LEADER 01093nam a2200241 i 4500 001 000000108159 003 CaOOAMICUS 005 20170111000000.0 008 170111s1999 it u000 u ita u 013 $a80776 040 $aSeMil$bita 100 1 $aBuzzi, Gianpiero,$d<1936- >.$0(OLS)http://semarc/name/17083 245 10$aArcisate :$bsecoli di rintocchi e voci dal silenzio /$cGianpiero e Cinzia Buzzi. 260 $aArcisate :$bEdizione «Casa Nostra»,$cstampa 1999. 300 $a565 p., [12] p. di tav. :$bill. ;$c31 cm. 500 $aContiene : Appendice documentaria ; Bibliografia. - In preliminari : Dedica a mons. Mario Delpini. - Dono di mons. Mario Delpini. 700 1 $aBuzzi, Cinzia.$0(OLS)http://semarc/name/18342 850 $aSeMil 852 $aSeMil$W1$xVenegono$y1$m3P VI 464$j64255$B64255$CSeMilBibl$Z2$F216926 $81 941 1 $a7 961 $aOmaggio: Delpini mons. Mario 996 $6245$aArcisate :$bsecoli di rintocchi e voci dal silenzio$9(OLS)http://semarc/title/407421 996 $6260$aArcisate :$bEdizione «Casa Nostra»$9(OLS)http://semarc/publisher/50543